Регионална библиотека "Любен Каравелов" - Русе

Епидемиите. (Запис номер 381069)

MARC детайли
000 -Лидер
Контролно поле с фиксирана дължина nam a22 a 4500
003 - Код на организацията, давaща контролен номер
Контролно поле BLK
005 - Дата и час на последна редакция
Контролно поле 20211001152609.0
008 - Елементи от данни с фиксирана дължина
fixed length control field 202008b bul|||||r ||||||| ||bul||
020 ## - Международен стандартен номер на книга ISBN
Международен стандартен номер на книга ISBN 9786190206484
040 ## - Източник на каталожния запис
Идентификатор на билиотеката - собственик на записа BLK
041 ## - Код за език
Код за езика на текст/звукозапис или на отделно заглавие Български
Код за езика КДБФ Български
080 ## - УДК
УДК код - определител по УДК 616-036.22
Текстов определител УДК Епидемии. Епидемиология
УДК - код + определител 616-036.22
100 ## - Редна дума - Автор
Автор Раулт, Дидие
Авторска отговорност първи автор
R(LIN) 1299
139 ## - Редно поле
Редна дума Раулт, Дидие
Авторски знак Рас - Р 38
245 10 - Сведения за заглавието
Заглавие Епидемиите.
Подзаглавни данни Истински опасности и фалшиви тревоги
Редно поле (дума) Дидие Раулт; прев. от фр. Владимир Атанасов.
257 ## - Страна на издаване
Страна на създаване/издаване Франция
260 ## - Област на издателските данни
Име на издателя, разпространителя и проч. Колибри
Година на издаване 2020
9 (RLIN) 209486
Място на издаване, разпространение и проч. София
Издателство - префикс ISBN 978-619-02- ; 978-619-150- ; 978-954-150- ; 978-954-529-
300 ## - Физическа характеристика
Страници 144 с.
Размери/Мащаб 20 см
380 ## - Жанр
Жанр Медицина
650 #7 - Допълнително описание по предмет – тема
Основно описание – тема или топоним Епидемии
9 (RLIN) 154974
653 #7 - Ключова дума – ненормативна
Ключова дума епидемии
9 (RLIN) 186357
700 ## - Други автори (авторска отговорност)
Лично име Атанасов, Владимир
Автороска отговорност (Описва отношението между автора и произведението) прев. от фр.
9 (RLIN) 1177
856 4# - Електронен адрес и достъп
Електронен формат pdf - файл
856 4# - Електронен адрес и достъп
Електронен формат pdf - файл
999 ## - СИСТЕМНИ КОНТРОЛНИ НОМЕРА
Koha biblionumber 381069
Koha biblioitemnumber 381069
942 ## - АРТИКУЛИ
Вид на библиотечния материал Книги
Скрит в OPAC Не
Koha issues (borrowed), all copies 15
Периодичен библиозапис Да
944 ## - СЪЗДАВАНЕ И РЕДАКЦИЯ на ЗАПИСА
Създаване/Редакция Създаване
Дата на регистрацията/редакция 2020-08-11
Служител, извършил регистрацията/редакцията К.Д.
999 ## - СИСТЕМНИ КОНТРОЛНИ НОМЕРА
Koha biblioitemnumber 381069
Наличности
Код за отписване Код за изгубен артикул Източник на класификационната схема Код за повреда Коз за рестрикции Код за отдаване Артикулен № Име на библиотеката - собственик Име на библиотеката, в която се намира в момента Статус (Текущо местоположение) Дата на вписване в системата Местоположение - отдел Цена в лева Систематично азбучна сигнатура Баркод Цена в евро Служебен тип на артикула
  Не е изгубен Universal Decimal Classification Не е повреден без рестрикции заемане за дома 799240 Регионална библиотека "Любен Каравелов" Русе Регионална библиотека "Любен Каравелов" Русе Заемна - подръчен фонд 2020-09-16 Заемна - подръчен фонд 9.88 616/Р 38 Д 120000846755 5.05 Книги
  Не е изгубен Universal Decimal Classification Не е повреден без рестрикции заемане за дома 799241 Регионална библиотека "Любен Каравелов" Русе Регионална библиотека "Любен Каравелов" Русе Заемна - подръчен фонд 2020-09-16 Заемна - подръчен фонд 9.88 616/Р 38 Д 120000846756 5.05 Книги
  Не е изгубен Universal Decimal Classification Не е повреден без рестрикции заемане за дома 799242 Регионална библиотека "Любен Каравелов" Русе Регионална библиотека "Любен Каравелов" Русе Заемна - подръчен фонд 2020-09-16 Заемна - подръчен фонд 9.88 616/Р 38 Д 120000846754 5.05 Книги
Vip Innovations Ltd, Rousse, Bulgaria 2025